000 00514cam a22001814a 4500
005 20250605164345.0
008 250528s ||||||||||||||||||||||||d
035 _a23818
040 _aGR-AtMCL
_bgre
_dGR-AtMCL
_eAACR2
245 1 _aΜεθοδολογία επιστημονικής έρευνας
250 _a1
260 _aΕλλάδα
_bΑυτοεκδοση
300 _a191
700 1 _aΠαρασκευοπουλος Ιωαννης Ν
_92858
942 _cBK
999 _c8748
_d8748